Normal view
MARC view
- Ocaña Arias, Almudena
Entry Nombre Personal
001 - NUMERO DE CONTROL
- campo de control: 41567
003 - IDENTIFICADOR DE NUMERO DE CONTROL
- campo de control: UPN
005 - FECHA Y HORA DE LA ÜLTIMA TRANSACCIÓN
- campo de control: 20210219194609.0
008 - DATOS DE LONGITUD FIJA
- campo de control de longitud fija: nabaccnnaabn|||||||||| b |nc|||||d
035 ## - NUMERO DE CONTROL
- Número de control: UPN11000013674
040 ## - FUENTE DE CATALOGACIÓN
- Lenguaje de catalogación: SPA
- Agencia de transcripción: UPN
100 1# - ENCABEZAMIENTO - NOMBRE PERSONAL
- Nombre personal: Ocaña Arias, Almudena
670 ## - FUENTE EN LA QUE SE LOCALIZARON DATOS
- Cita de la fuente: T
- Uniform Resource Identifier: https://www.edesclee.com/autor/almudena-ocana-arias
680 ## - NOTA PUBLICA DE ACCESO PÚBLICO
- Frase explicativa de la referencia: Compaginó sus estudios de Filología Hispánica con los del Conservatorio. Es profesora de Música en Secundaria y Experta Universitaria en Convivencia Escolar
902 ## - CATALOGADOR
- Catalogador: EMR/030718
